Finish the Famous SpongeBob Quote Quiz Stats

 Plays Quiz Updated Mar 19, 2020

Support Sporcle.
Go Orange.
Score 0/25 Timer 06:00
7 Plays Today
% Correct
Together
93.4%
Minutes
93.3%
Wumbo
93.3%
Me
93.3%
Died
93.1%
Time
93.1%
Smelly
92.9%
Day
92%
Else
91.8%
Imagination
91.5%
Vain
91.5%
Condiments
91.4%
Formuoli
91%
% Correct
Slasher
90.8%
Dumb
90.5%
Arms
89.9%
Hand
89.7%
Instrument
86.8%
Unite
86.8%
Enigma
85.8%
Care
85%
Gas
83.5%
Six
82.8%
One
79.6%
Sick
70.1%

From the Vault

Who's That With Kirk Douglas?

by WillieG

Happy 100th Birthday to Kirk Douglas!
Remove Ads.
Support Sporcle.
Get the best of Sporcle when you Go Orange. This ad-free experience offers more features, more stats, and more fun while also helping to support Sporcle. Thank you for becoming a member.

Show Comments

Extras

Top Quizzes Today


Score Distribution

Your Account Isn't Verified!

In order to create a playlist on Sporcle, you need to verify the email address you used during registration. Go to your Sporcle Settings to finish the process.

Report this User

Report this user for behavior that violates our Community Guidelines.

Details: